|
|
|
|
| LEADER |
00851nam a2200205 i 4500 |
| 003 |
GR-PaULI |
| 005 |
20230614134023.0 |
| 008 |
200709s1977 gr ||||| |||| 00| p gre d |
| 952 |
|
|
|0 0
|1 0
|2 ddc
|4 0
|6 811_520000000000000_POU
|7 0
|9 325885
|a LISP
|b LISP
|c DON
|d 2021-06-14
|e ΓΑΛ
|i 144445
|l 0
|o 811.52 POU
|p 025000270550
|r 2021-06-14 00:00:00
|t 1
|w 2021-06-14
|y BKN
|
| 999 |
|
|
|c 182966
|d 182966
|
| 040 |
|
|
|a GR-PaULI
|b gre
|c GR-PaULI
|e AACR2
|
| 041 |
|
|
|a gre
|k eng
|
| 082 |
0 |
4 |
|2 23
|a 811.52
|
| 100 |
1 |
|
|9 2947
|a Pound, Ezra,
|d 1885-1972
|e συγγραφέας.
|
| 245 |
1 |
0 |
|a Lustra :
|b ποιήματα /
|c Ezra Pound ; μετάφραση Τάσος Κόρφης
|
| 260 |
|
|
|a Αθήνα:
|b Πρόσπερος,
|c 1977.
|
| 300 |
|
|
|a 92 σ.;
|c 21 εκ.
|
| 700 |
1 |
|
|a Κόρφης, Τάσος,
|d 1929-1994
|e συγγραφέας.
|9 9015
|
| 942 |
|
|
|2 ddc
|c BKN
|
| 998 |
|
|
|c ΜΠΟΥΡΑΣ
|d 2021-06
|